000 002450000a22000970004500
100 1 _aJaramillo Cárdenas, Luciano
245 1 0 _aCambio de gerente
300 _aVol. 9, Núm 46 (1997), Páginas 8-9
773 0 _tImpacto Presbiteriano
942 _cANA
999 _c51035
_d51035